| 000 | 01559nas a2200277 454500 | ||
|---|---|---|---|
| 001 | 2758 | ||
| 005 | 20260407193504.0 | ||
| 008 | 260407s2010####ag###########|||spa#d | ||
| 003 | AR-UNSa-BCEJYS | ||
| 040 |
_aAR-UNSa-BCEJYS _bspa _cAR-UNSa-BCEJYS |
||
| 080 |
_a657 _xContabilidad |
||
| 245 | 1 | 0 | _aEscritos contables y de administración |
| 022 | _a1853-2063 | ||
| 264 | 1 |
_aBahía Blanca : _bUniversidad Nacional del Sur. Departamento de Ciencias de la Administración _c2010 |
|
| 310 | _aFrecuencia: Semestral | ||
| 505 | _aEscritos contables y de administración es una publicación semestral del Departamento de Ciencias de la Administración de la Universidad Nacional del Sur. Ha sido editada desde 1964 hasta 2005 bajo el nombre de Escritos contables, y en su continuación busca contribuir al avance y divulgación del conocimiento científico y técnico de la Contabilidad, Administración y demás disciplinas afines. Sus objetivos incluyen difundir los resultados de investigaciones tanto teóricas como aplicadas, comunicar al ámbito académico y profesional los avances relevantes y fomentar la visibilidad de las investigaciones locales. | ||
| 041 | _aspa | ||
| 942 | _cSER | ||
| 590 | _aniveau_biblio:s niveau_hierar:1 | ||
| 100 | 1 | _aUniversidad Nacional del Sur. Departamento de Ciencias de la Administración | |
| 700 | 1 | _aOrtiz, Raúl | |
| 650 | _aCONTABILIDAD | ||
| 650 | _aAdministración | ||
| 650 | _aADMINISTRACION PUBLICA | ||
| 856 | 4 | 1 |
_uhttps://biblioeco.unsa.edu.ar/pmb/images/revistas/R09859.jpg _yImagen de portada _qimage/jpeg |
| 999 |
_c8397 _d8397 |
||